第62回菊花賞 出走馬 - Statistics

General Stats
  • This quiz has been taken 9 times
  • The average score is 4 of 15
Answer Stats
着順 枠番 馬番 馬名 性齢 騎手名 単勝
人気
% Correct
1 2 2 マンハッタンカフェ 牡3 蛯名正義 6
100%
4 7 13 ジャングルポケット 牡3 角田晃一 1
100%
2 6 10 マイネルデスポット 牡3 太宰啓介 11
56%
5 6 11 ダンツフレーム 牡3 武豊 2
56%
3 5 8 エアエミネム 牡3 松永幹夫 3
22%
8 8 14 アグネスゴールド 牡3 河内洋 5
22%
6 4 6 メイクマイデイ 牡3 小牧太 8
11%
7 2 3 チアズブライトリー 牡3 藤田伸二 9
11%
9 7 12 テンザンセイザ 牡3 四位洋文 7
11%
10 5 9 タニノトリビュート 牡3 武幸四郎 12
11%
11 3 5 アドマイヤロード 牡3 福永祐一 13
11%
12 4 7 サンライズペガサス 牡3 池添謙一 4
11%
13 1 1 ビッグゴールド 牡3 村本善之 10
11%
15 8 15 ダービーレグノ 牡3 幸英明 14
11%
14 3 4 ワンモアバイクオン 牡3 渡辺薫彦 15
0%
No matching quizzes found
Score Distribution
Percent of People with Each Score
Percentile by Number Answered
Your Score History
You have not taken this quiz